Countries of Europe by Borders - 15 Second Sprint - Statistics

General Stats
  • This quiz has been taken 2,510 times
  • The average score is 32 of 45
Answer Stats
COUNTRY % Correct
France
97%
Germany
96%
Poland
95%
Spain
95%
Switzerland
95%
Austria
93%
Belgium
92%
Luxembourg
92%
Netherlands
92%
Italy
89%
Czech Republic
88%
Ukraine
88%
Andorra
87%
United Kingdom
86%
Belarus
85%
Russia
85%
Finland
84%
Norway
84%
Lithuania
82%
Denmark
80%
Latvia
77%
Estonia
75%
Hungary
73%
Monaco
73%
Slovenia
73%
Ireland
71%
Bulgaria
65%
Romania
65%
Serbia
65%
Slovakia
64%
Macedonia
63%
Portugal
61%
San Marino
59%
Vatican City
59%
Croatia
57%
Montenegro
56%
Kosovo
50%
Bosnia and Herzegovina
49%
Sweden
49%
Greece
46%
Albania
44%
Moldova
37%
Liechtenstein
31%
Iceland
19%
Malta
11%
No matching quizzes found
Score Distribution
Percent of People with Each Score
Percentile by Number Answered
Your Score History
You have not taken this quiz